| 000 | 00924nam a2200265Ia 4500 | ||
|---|---|---|---|
| 003 | OSt | ||
| 005 | 20221005103932.0 | ||
| 006 | a|||||r|||| 00| 0 | ||
| 007 | ta | ||
| 008 | 221004b |||||||| |||| 00| 0 hin d | ||
| 020 | _a9788190640312 (hbk) | ||
| 024 | _a27020 | ||
| 037 |
_bGift, 17/05/2016, _cTextual |
||
| 040 |
_aCRL _cCRL _bhin |
||
| 041 |
_2hin _ahin |
||
| 082 | _aO152,1:g(NT), P9 | ||
| 100 | _aऋतुपर्ण, सुरेश | ||
| 245 | 0 | _aनयी कविता में नाटकीय - तत्व | |
| 246 | _aNayī kavitā mean nāṭakīya - tatva | ||
| 260 |
_aदिल्ली _bगौरव प्रकाशन भारत _c2009 |
||
| 300 |
_a223पृ0 _ccm. |
||
| 650 | _aहिन्दी साहित्य | ||
| 942 |
_hO152,1:g(NT), P9 _cTEXL _2cc |
||
| 999 |
_c1011330 _d1011330 |
||